000 00604ntaaa2200217 4500
003 01
005 20251027201444.0
008 0714s1973 ag 01
040 _aAR-BaBN
_bspa
_cAR-BaBN
_eaacr
_dRIC
082 _a226.3 B23
100 _aBarclay, William
245 _aThe Gospel of Mark /
_cWilliam Barclay
260 _aEdinburgh :
_bThe Saint Andrew Press,
_c1956
300 _axxi, 390 p.
500 _a"The Daily Study Bible"
500 _aBAJA PATRIMONIAL POR OBSOLESCENCIA 20190301 INV.020458
650 _aBiblia
_9468
650 _aNuevo Testamento
650 _aMarcos
_94389
942 _cBK
999 _c9089
_d9089